Normal view
MARC view
- Whitaker, Jerry.C Benson, K. Blair
Entry Personal Name
001 - CONTROL NUMBER
- control field: 80515
003 - CONTROL NUMBER IDENTIFIER
- control field: NUST
005 - DATE AND TIME OF LATEST TRANSACTION
- control field: 20210628210700.0
008 - FIXED-LENGTH DATA ELEMENTS
- fixed length control field: 210628|| aca||aabn | a|a d
040 ## - CATALOGING SOURCE
- Original cataloging agency: NUST
- Transcribing agency: NUST
100 ## - HEADING--PERSONAL NAME
- Personal name: Whitaker, Jerry.C Benson, K. Blair
670 ## - SOURCE DATA FOUND
- Source citation: Work cat.: (NUST): Whitaker, Jerry.C Benson, K. Blair, Standard handbook of video and television engineering, 2000
